000
00218nam a22000857a 4500
008
170526b xxu||||| |||| 00| 0 eng d
100
_9
3115
_a
Tandon.P.D.
245
_a
The Unforgettable Nehru
260
_a
New Delhi
_b
NBIT
_c
2003
999
_c
6402
_d
6402